[Event "ROM-ch U12 Boys"]
[Site "Voineasa"]
[Date "2008.04.16"]
[Round "7"]
[White "Brumar, Paul Cristian"]
[Black "Beltechi, Marius Gabriel"]
[Result "1-0"]
[WhiteElo "708"]
[BlackElo "458"]
[PlyCount "61"]
[EventDate "2008.04.08"]
[EventType "swiss"]
[EventRounds "9"]
[EventCountry "ROU"]
[SourceTitle "EXT 2013"]
[Source "ChessBase"]
[SourceDate "2012.11.22"]
[SourceVersion "1"]
[SourceVersionDate "2012.11.22"]
[SourceQuality "1"]

1. d4 Nf6 2. c4 e6 3. Nc3 Bb4 4. Qc2 c5 5. dxc5 Bxc5 6. e3 Nc6 7. Nf3 0-0 8. Bd3 Nb4 9. Qe2 Nxd3+ 10. Qxd3 Qc7 11. 0-0 b6 12. b3 Bb7 13. Nd4 Ng4 14. g3 Bxd4 15. exd4 Rac8 16. Bf4 Qc6 17. d5 exd5 18. Nxd5 Rfe8 19. Rfe1 Qc5 20. Be3 Nxe3 21. Nxe3 Be4 22. Qxd7 Qh5 23. Qg4 Qc5 24. Rad1 Bb7 25. Qd4 Qh5 26. Qd7 Qf3 27. Nd5 Rxe1+ 28. Rxe1 Rf8 29. Qxb7 Qd3 30. Qd7 Qd2 31. Ne7+ 1-0